| 000 | 00618nam a2200181 i 4500 | ||
|---|---|---|---|
| 001 | 63710 | ||
| 003 | ES-MaACL | ||
| 005 | 20250804072822.0 | ||
| 007 | t| | ||
| 008 | 031216s1905 be ||||1| fre d | ||
| 100 | 1 |
_aFierens-Gevaert, Hippolyte. _950707 |
|
| 245 | 1 | 0 |
_aEtudes sur l'art flamand _b: la renaissance septentrionale et les premiers maitres de Flandres / _cpar Fierens-Gevaert. |
| 260 |
_aBruxelles : _b[s.n.], _c1905 ( _eAnvers : _fJ. E. Buschmann) |
||
| 300 |
_a223 p., 22 lám. ; _c28 cm. |
||
| 650 | 7 |
_aArte flamenco _2embne _9165552 |
|
| 852 |
_aES-MaACL _jF-11519 |
||
| 999 |
_c63710 _d63710 |
||